Understanding physics / (Record no. 12721)

000 -LEADER
fixed length control field 01849cam a22003734a 4500
001 - CONTROL NUMBER
control field 13210211
005 - DATE AND TIME OF LATEST TRANSACTION
control field 20181003101156.0
008 - FIXED-LENGTH DATA ELEMENTS--GENERAL INFORMATION
fixed length control field 030523m20049999njua 001 0 eng
010 ## - LIBRARY OF CONGRESS CONTROL NUMBER
LC control number 2003053481
020 ## - INTERNATIONAL STANDARD BOOK NUMBER
International Standard Book Number 0471370991 (pt. 1 : acidfree paper)
020 ## - INTERNATIONAL STANDARD BOOK NUMBER
International Standard Book Number 047146435X (pt. 1 : pbk. : acidfree paper)
020 ## - INTERNATIONAL STANDARD BOOK NUMBER
International Standard Book Number 0471464368 (pt. 2 : pbk. : acidfree paper)
020 ## - INTERNATIONAL STANDARD BOOK NUMBER
International Standard Book Number 0471464376 (pt. 3 : pbk. : acidfree paper)
020 ## - INTERNATIONAL STANDARD BOOK NUMBER
International Standard Book Number 0471464384 (pt. 4 : pbk. : acidfree paper)
040 ## - CATALOGING SOURCE
Original cataloging agency DLC
Transcribing agency DLC
Modifying agency DLC
042 ## - AUTHENTICATION CODE
Authentication code pcc
050 00 - LIBRARY OF CONGRESS CALL NUMBER
Classification number QC23.2
Item number .U54 2004
082 00 - DEWEY DECIMAL CLASSIFICATION NUMBER
Classification number 530
Edition number 21
245 00 - TITLE STATEMENT
Title Understanding physics /
Statement of responsibility, etc. Karen Cummings ... [et al.] ; guest author, Edwin F. Taylor [and] additional members of Activity Based Physics Group, David R. Sokoloff, Ronald K. Thornton.
260 ## - PUBLICATION, DISTRIBUTION, ETC. (IMPRINT)
Place of publication, distribution, etc. Hoboken, NJ :
Name of publisher, distributor, etc. Wiley,
Date of publication, distribution, etc. c2004-
300 ## - PHYSICAL DESCRIPTION
Extent v. <1-4 > :
Other physical details col. ill. ;
Dimensions 28 cm.
500 ## - GENERAL NOTE
General note "Based on Fundamentals of physics by David Halliday, Robert Resnick, and Jearl Walker."
500 ## - GENERAL NOTE
General note Includes indexes.
650 #0 - SUBJECT ADDED ENTRY--TOPICAL TERM
Topical term or geographic name as entry element Physics.
700 1# - ADDED ENTRY--PERSONAL NAME
Personal name Cummings, Karen.
700 1# - ADDED ENTRY--PERSONAL NAME
Personal name Halliday, David,
Dates associated with a name 1916-
Title of a work Fundamentals of physics.
856 42 - ELECTRONIC LOCATION AND ACCESS
Materials specified Publisher description
Uniform Resource Identifier <a href="http://www.loc.gov/catdir/description/wiley039/2003053481.html">http://www.loc.gov/catdir/description/wiley039/2003053481.html</a>
856 41 - ELECTRONIC LOCATION AND ACCESS
Materials specified Table of contents
Uniform Resource Identifier <a href="http://www.loc.gov/catdir/toc/wiley032/2003053481.html">http://www.loc.gov/catdir/toc/wiley032/2003053481.html</a>
942 ## - ADDED ENTRY ELEMENTS (KOHA)
Source of classification or shelving scheme
Koha item type Hard Covered Materials
Classification part QC 23.2 .U54 2004
Holdings
Withdrawn status Lost status Source of classification or shelving scheme Damaged status Not for loan Home library Current library Shelving location Date acquired Source of acquisition Total Checkouts Full call number Barcode Date last seen Date last checked out Price effective from Koha item type
          MACHAKOS UNIVERSITY LIBRARY MACHAKOS UNIVERSITY LIBRARY Open shelf 06/08/2016 Donation (BFA) 3 QC 23.2 .U54 2004 20754 08/12/2025 24/11/2025 06/08/2016 Hard Covered Materials
© Machakos University Library, Along The Highway, Machakos Wote Rd, Machakos, Kenya P.O. Box 136 - 90100 Machakos - Kenya

Tel: ( +254 ) 723 805829 OR Fax : 044-20353 OR Email: library@mksu.ac.ke